00391nam a2200133Ia 4500008004100000082001500041100001800056245002800074260001800102600001500120942000700135952009800142999001700240241002s9999 xx 000 0 und d a808.83 LAW aLawrence, D.H 4aThe Woman Who Rode Away aLondon:c1960 aLiterature cUC 00104070aUITUbUITUd1994-01-01l0o808.83 LAWpUC482r2024-10-02 09:31:21w2024-10-02yUC c18809d18809